Time to Speak Out (Record no. 18949)

MARC details
000 -LEADER
fixed length control field 00661nam a2200241 a 4500
020 ## - INTERNATIONAL STANDARD BOOK NUMBER
ISBN
082 00 - DEWEY DECIMAL CLASSIFICATION NUMBER
Classification number 305.4095491
Author Cutter WOM
245 ## - TITLE STATEMENT
Title Time to Speak Out
Sub title Illegal Abortion and Women`s Health in Pakistan
260 ## - PUBLICATION, DISTRIBUTION, ETC. (IMPRINT)
Place of publication Lahore
Name of publisher Shirkat Gah and WLUML
Year of publication 1996
300 ## - PHYSICAL DESCRIPTION
Number of Pages 34p
500 ## - GENERAL NOTE
General note includes index and biblioraphy
505 2# - FORMATTED CONTENTS NOTE
Formatted contents note dialogue Nov, 1-7,1991.
650 ## - SUBJECT ADDED ENTRY--TOPICAL TERM
Topical Term Muslim Women-Pakistan
650 ## - SUBJECT ADDED ENTRY--TOPICAL TERM
Topical Term Women-Pakistan
942 ## - ADDED ENTRY ELEMENTS (KOHA)
Koha item type Books
Holdings
Collection code Home library Current library Date acquired Cost, normal purchase price Full call number Accession Number Koha item type
  Henry Martyn Institute Library Henry Martyn Institute Library 02/20/2008 100.00 305.4095491 WOM 11000767 Books
                   Copyright © 2026 | Henry Martyn Institute | Hyderabad | TS-500052 | INDIA | Implemented by hmi.edu.in
Hit-Count:

Powered by Koha